| 000 | 00827nam a22002655i 4500 | ||
|---|---|---|---|
| 999 |
_c7592 _d7592 |
||
| 001 | 991059740288006706 | ||
| 003 | OSt | ||
| 005 | 20211222131938.0 | ||
| 008 | 211125s2021 sp a||||r|||||0|| 0 spa|c | ||
| 017 |
_aDL M 6250-2021 _bOficina DL Madrid |
||
| 020 | _a9788441543966 | ||
| 040 |
_aES-BaUAB _bcat _erda _cCDMR |
||
| 100 | 1 | _aBastón, Rubén, | |
| 245 | 1 | 0 |
_aEcommerce : _bcómo montar una tienda online y que venda / _cRubén Bastón, Antonio Fagundo, Valentín Hernández |
| 264 | 1 |
_aMadrid : _bAnaya Multimedia, _c2021 |
|
| 300 |
_a335 pàgines : _bil·lustracions ; _c23 cm |
||
| 490 | _aSocial business | ||
| 650 | 7 |
_aComerç electrònic _2lemac |
|
| 650 | 0 |
_aMàrqueting digital _94161 |
|
| 700 | 1 | _aFagundo, Antonio, | |
| 700 | 1 | _aHernández, Valentín, | |
| 908 | _aUAB | ||
| 940 | _aUAB | ||
| 942 |
_2udc _cMON |
||